|
LDR
| 02352cam a22005774i 4500 |
|---|
| 001 | 48326 |
|---|
| 003 | CZ-PrJAB |
|---|
| 005 | 20220802080758.0 |
|---|
| 008 | 191125s2018 gw ad f 000 0 eng d |
|---|
| 020 | | . |
‡a978-3-9818556-1-6
‡q(brožováno) |
|---|
| 020 | | . |
‡a3-9818556-1-2 |
|---|
| 035 | | . |
‡a(CZ PrSKC)002475253 |
|---|
| 040 | | . |
‡aDLC
‡bcze
‡cDLC
‡dABB085
‡erda |
|---|
| 041 | 1 | . |
‡aeng
‡hrus
‡hger |
|---|
| 072 | | 7. |
‡a323
‡xVnitropolitický vývoj, politický život
‡2Konspekt
‡915 |
|---|
| 245 | 0 | 0. |
‡aInteractions :
‡bexplorations of good practice in educational work with video testimonies of victims of National Socialism /
‡cedited by Werner Dreier, Angelika Laumer, Moritz Wein. |
|---|
| 246 | 3 | 0. |
‡aExplorations of good practice in educational work with video testimonies of victims of National Socialism |
|---|
| 264 | | 1. |
‡aBerlin :
‡bEVZ Foundation Rememberance, Responsibility and Future,
‡c[2018]. |
|---|
| 264 | | 4. |
‡c©2018. |
|---|
| 300 | | . |
‡a353 stran :
‡bbarevné ilustrace ;
‡c24 cm. |
|---|
| 336 | | . |
‡atext
‡btxt
‡2rdacontent |
|---|
| 336 | | . |
‡astatický obraz
‡bsti
‡2rdacontent |
|---|
| 337 | | . |
‡abez média
‡bn
‡2rdamedia |
|---|
| 338 | | . |
‡asvazek
‡bnc
‡2rdacarrier |
|---|
| 490 | 1 | . |
‡aEducation with testimonies ;
‡vVol. 4 |
|---|
| 504 | | . |
‡aObsahuje bibliografické poznámky, seznam literatury vždy na konci kapitoly |
|---|
| 648 | | 7. |
‡a1939-1945
‡7ch460653
‡2czenas |
|---|
| 650 | 0 | 7. |
‡anacismus
‡7ph115411
‡2czenas |
|---|
| 650 | 0 | 7. |
‡aholocaust (1939-1945)
‡7ph117203
‡2czenas |
|---|
| 650 | 0 | 7. |
‡apolitická perzekuce
‡7ph124236
‡2czenas |
|---|
| 650 | 0 | 7. |
‡aoběti fašismu
‡7ph135349
‡2czenas |
|---|
| 650 | 0 | 7. |
‡anarativita
‡7ph752786
‡2czenas |
|---|
| 650 | 0 | 7. |
‡avideozáznamy
‡7ph180739
‡2czenas |
|---|
| 650 | 0 | 7. |
‡avyučovací metody
‡7ph127294
‡2czenas |
|---|
| 650 | 0 | 9. |
‡aNazism
‡2eczenas |
|---|
| 650 | 0 | 9. |
‡aholocaust (1939-1945)
‡2eczenas |
|---|
| 650 | 0 | 9. |
‡apolitical persecution
‡2eczenas |
|---|
| 650 | 0 | 9. |
‡avictims of fascism
‡2eczenas |
|---|
| 650 | 0 | 9. |
‡anarratives
‡2eczenas |
|---|
| 650 | 0 | 9. |
‡avideo recordings
‡2eczenas |
|---|
| 650 | 0 | 9. |
‡ateaching methods
‡2eczenas |
|---|
| 651 | | 7. |
‡aNěmecko
‡7ge135889
‡2czenas |
|---|
| 651 | | 9. |
‡aGermany
‡2eczenas |
|---|
| 655 | | 7. |
‡akolektivní monografie
‡7fd501537
‡2czenas |
|---|
| 700 | 1 | . |
‡aDreier, Werner,
‡d1956-
‡7jn20030303017
‡4edt |
|---|
| 700 | 1 | . |
‡aLaumer, Agelika
‡4edt |
|---|
| 700 | 1 | . |
‡aWein, Moritz
‡4edt |
|---|
| 710 | 2 | . |
‡aStiftung "Erinnerung, Verantwortung und Zukunft"
‡4pbl |
|---|
| 830 | | 0. |
‡aEducation with testimonies ;
‡vVol. 4 |
|---|
| 910 | | . |
‡aABE340
‡b6788 |
|---|
| 995 | | . |
‡aska |
|---|
| 901 | | . |
‡a48326
‡b
‡c48326
‡tbiblio |
|---|